[Event "RUS-ch 56th"]
[Site "Krasnoyarsk"]
[Date "2003.09.04"]
[Round "2"]
[White "Grischuk, Alexander"]
[Black "Iljushin, Alexei"]
[Result "1-0"]
[WhiteElo "2732"]
[BlackElo "2553"]
[Annotator "Finkel,A"]
[PlyCount "71"]
[EventDate "2003.09.03"]
[EventType "swiss"]
[EventRounds "9"]
[EventCountry "RUS"]
[SourceTitle "CBM 098"]
[Source "ChessBase"]
[SourceDate "2004.02.03"]
[SourceVersion "1"]
[SourceVersionDate "2004.02.03"]
[SourceQuality "1"]

1. e4 e6 2. d4 d5 3. Nc3 Nf6 4. e5 Nfd7 5. f4 c5 6. Nf3 Nc6 7. Be3 cxd4 8. Nxd4
Bc5 9. Qd2 O-O 10. O-O-O a6 11. Qf2 $5 {This variation seems to be a problem
for black during the last couple of years.} Nxd4 12. Bxd4 {As I previously
mentioned in my comments to one of the games played in this line, this move is
starting to gain popularity after Krmanik had used it in his game against
Radjabov in the last Linares tournament.} Qe7 (12... Qc7 13. Bxc5 (13. g4 $5 b5
14. Bd3 b4 15. Qh4 h6 16. Ne2 f6 17. Bxc5 Nxc5 18. exf6 Rxf6 19. g5 $36 {
Kosmol,H-Uiess,H/ICCF-Cup corr 1994}) (13. Bd3 b5 (13... Bxd4 14. Qxd4 b5 15.
Rhe1 Qb6 16. Qxb6 Nxb6 17. Ne2 b4 18. Nd4 a5 19. b3 $14 {Pedzich,D-Aaberg,A/
Copenhagen 1991}) 14. Qh4 (14. Ne2 Be7 15. Kb1 Bb7 16. Rhe1 Rae8 17. Qg3 f5 18.
exf6 Bxf6 19. Qh3 $14 {Moreda,L-Kovacevic,B/Nova Gorica 2001}) 14... h6 15. Ne2
f6 (15... Bb7 16. g4 $1 {[%csl Rg8][%cal Gg4g5]} f6 17. g5 fxe5 18. gxh6 $1 $18
exd4 $140 19. hxg7 Rf6 20. Qh7+ Kf7 21. g8=Q#) 16. Qg4 $36 {Kramnik,V-Radjabov,
T/Linares 2003/CBM 94_01}) 13... Nxc5 14. Bd3 f6 15. exf6 Rxf6 16. g3 Bd7 17.
Qd4 $14 {Schmid,G-Janka,H/Koetzting 1988}) 13. Bd3 Bxd4 14. Qxd4 Qc5 15. Ne2
Qxd4 {In their previous game Iljushin opted for different move order, but very
soon found himself in troubles:} (15... b5 16. Rhe1 (16. Kb1 b4 17. Rc1 Qxd4
18. Nxd4 Nc5 (18... a5 19. c3 bxc3 20. Rxc3 Ba6 21. Bxa6 Rxa6 22. Rc7 $16) 19.
Rhd1 f6 (19... Na4 20. Re1 Bd7 21. c3 bxc3 22. b3 $14 {Shivaji,S-Evans,B/San
Francisco 2003}) 20. c3 fxe5 21. fxe5 bxc3 22. Rxc3 $16 {Grischuk,A-Iljushin,A/
Istanbul 2003}) 16... Bb7 17. f5 Qxd4 18. Nxd4 Rae8 19. Nf3 Re7 20. Re3 Rc8 21.
g4 $14 {Ekstroem,R-Quinto,G/Mendrisio 1989}) (15... b6 16. Qg1 (16. Kb1 Bb7 17.
c3 Bc6 18. Bc2 Bb5 19. Qd2 Bxe2 20. Qxe2 Rfd8 21. f5 $14 {Hossain,E-Vakhidov,T/
Dhaka 2003}) (16. Rhe1 $5 Bb7 17. f5 f6 (17... exf5 18. Bxf5 Qxd4 19. Nxd4 Nc5
20. c3 $14) 18. fxe6 (18. exf6 e5 19. Qxc5 Nxc5 20. fxg7 Kxg7 21. Ng3 Kf6 $44)
18... Nxe5 19. Qf4 Rac8 20. Nd4 Qa5 21. Kb1 $14) 16... Bb7 17. Nd4 Qa5 18. Kb1
Qc5 19. Qe3 Rfe8 20. Rhe1 b5 21. Qh3 Nf8 22. Re3 g6 23. c3 b4 24. Bc2 a5 25. g4
bxc3 26. Rxc3 Qb6 27. Qe3 Rac8 28. Rxc8 Bxc8 29. f5 exf5 30. gxf5 gxf5 31. Bxf5
Bxf5+ 32. Nxf5 Qxe3 {1/2-1/2 Duppel,M-Schenk,A/Germany 2002}) ({Doesn't work
15...f6 since white is better prepared to open up a center.} 15... f6 $6 16.
exf6 gxf6 17. Rhe1 e5 (17... b6 18. c3 Bb7 19. Bc2 $16) 18. fxe5 fxe5 19. Qg4+
Kh8 20. Nc3 Nf6 21. Qg5 $1 $16 {[%csl Re5][%cal Gg5c5]}) 16. Nxd4 Nb8 (16...
Nc5 17. Rhe1 $14) 17. h4 Bd7 18. h5 Nc6 19. Nf3 h6 $1 {It's important to
prevent white from pushing h6.} (19... f6 $6 20. h6 fxe5 (20... g6 21. exf6
Rxf6 22. g3 $16 {[%csl Rd7,Re5]}) 21. hxg7 (21. Nxe5 Nxe5 22. fxe5 g6 23. Rhf1
Bb5 24. Kd2 Bxd3 25. cxd3 Rac8 $14) 21... Rxf4 22. Rxh7 Rc8 (22... Rd8 $2 {
[%csl Rd8]} 23. Nxe5 $1 Nxe5 24. Rh8+ Kxg7 25. Rxd8 $18) 23. Rh8+ Kxg7 24. Rh7+
Kg8 25. Rxd7 e4 26. Ng5 exd3 27. Nxe6 Rf7 28. Rxd5 dxc2 29. Rg5+ Kh8 30. Rh1+
Rh7 31. Rxh7+ Kxh7 32. Rg7+ Kh6 33. Rxb7 $16) 20. c3 Rac8 21. g3 Rc7 {Black's
position is a bit passive, but it's extremly difficult for white to break
through.} (21... d4 22. Be4 $18 {[%csl Rd4][%cal Gd1d7]}) 22. Kd2 Be8 23. Rde1
Re7 24. Rh2 f6 {[%csl Rg6]} (24... a5) 25. exf6 gxf6 26. Nh4 e5 $6 {Too
opitmistic. Black had to take on h5 with good chances to hold the position.} (
26... Bxh5 27. Nf5 (27. Reh1 Rg7 28. Nf5 exf5 29. Rxh5 Rxg3 30. Rxh6 Rg2+ 31.
Kc1 Ne7 $13) 27... exf5 28. Rxh5 Rxe1 29. Kxe1 Kg7 30. Rxf5 Rd8 $14) 27. Bc2
Rd7 $6 (27... exf4 28. gxf4 Rxe1 29. Kxe1 Bxh5 30. Nf5 Bg6 31. Nxh6+ Kg7 32.
Rg2 Kxh6 33. Rxg6+ Kh5 34. Rg7 $16) (27... d4 28. Nf5 dxc3+ 29. bxc3 Rd7+ 30.
Kc1 Kh7 $16) 28. Ng6 $1 Bxg6 29. hxg6 {[%csl Rg8,Rh6]} d4 (29... Kg7 30. Rxh6
$1 Kxh6 31. Rh1+) 30. Rxh6 dxc3+ 31. Kc1 $1 $18 {White's attack is unstoppable
so there is no reason to check the variations after 31.K:c3, even though it
was also enough for the win.} (31. Kxc3 Nd4 (31... Rc8 32. Bb3+ Kg7 33. Rh7+
Kxg6 34. Bc2+ f5 35. Rxd7 Nb8+ 36. Kd2 Nxd7 37. fxe5 $16) 32. Bd3 Rc8+ 33. Bc4+
Rd5 34. Kd3 Kg7 35. Bxd5 Kxh6 36. Bxb7 $18) 31... cxb2+ 32. Kb1 Rfd8 (32... Nd4
33. Reh1 Nxc2 34. f5 $1 {[%csl Rg8]} Rd1+ 35. Rxd1 Ne3 36. Rd7 Nxf5 37. Rhh7
$18) 33. Reh1 f5 34. Bb3+ Kg7 35. Rh7+ Kf8 36. Rxd7 1-0

[Event "RUS-ch 56th"]
[Site "Krasnoyarsk"]
[Date "2003.09.06"]
[Round "4"]
[White "Grischuk, Alexander"]
[Black "Tseshkovsky, Vitaly"]
[Result "1/2-1/2"]
[WhiteElo "2732"]
[BlackElo "2538"]
[PlyCount "122"]
[EventDate "2003.09.03"]
[EventType "swiss"]
[EventRounds "9"]
[EventCountry "RUS"]
[SourceTitle "CBM 098"]
[Source "ChessBase"]
[SourceDate "2004.02.03"]
[SourceVersion "1"]
[SourceVersionDate "2004.02.03"]
[SourceQuality "1"]

1. e4 d6 2. d4 g6 3. Nc3 Bg7 4. f4 Nf6 5. Nf3 O-O 6. Be3 c6 7. Bd3 Na6 8. e5
Ng4 9. Bg1 dxe5 10. fxe5 Nb4 11. h3 Nh6 12. Bc4 Kh8 13. Qe2 f6 14. O-O-O b5 15.
Bb3 a5 16. a4 Ba6 17. Qe1 bxa4 18. Nxa4 Bb5 19. Nc5 a4 20. Qxb4 axb3 21. c4 Ba6
22. Bh2 Nf5 23. Rhe1 Bh6+ 24. Kb1 Ne3 25. Rxe3 Bxe3 26. Qxb3 Bh6 27. Qb4 Ra7
28. e6 Qa8 29. Kc2 Bc8 30. Rd3 g5 31. Ra3 g4 32. hxg4 Rg8 33. Bc7 Rxg4 34. g3
Rxa3 35. bxa3 Be3 36. Kd3 Bc1 37. a4 Qa7 38. Bb8 Ba3 39. Qb3 Qa8 40. Ne4 c5 41.
Bf4 Bc1 42. d5 Bxf4 43. gxf4 Rxf4 44. Ke3 Rg4 45. Qb6 Ba6 46. Qxc5 Qb7 47. Nfd2
f5 48. Nf2 Rg6 49. Nd3 Rg3+ 50. Ke2 Rg4 51. Qf2 Bxc4 52. Nxc4 Rxc4 53. Qxf5 Qb8
54. d6 Rc2+ 55. Kf3 Qa8+ 56. Ke3 Qa7+ 57. Kf4 Qxa4+ 58. Kg3 Qa8 59. Qe5+ Kg8
60. Qg5+ Kh8 61. Qe5+ Kg8 1/2-1/2

[Event "RUS-ch 56th"]
[Site "Krasnoyarsk"]
[Date "2003.09.12"]
[Round "9"]
[White "Grischuk, Alexander"]
[Black "Svidler, Peter"]
[Result "1/2-1/2"]
[WhiteElo "2732"]
[BlackElo "2723"]
[Annotator "Mueller,Karsten"]
[PlyCount "21"]
[EventDate "2003.09.03"]
[EventType "swiss"]
[EventRounds "9"]
[EventCountry "RUS"]
[SourceTitle "CBM 098"]
[Source "ChessBase"]
[SourceDate "2004.02.03"]
[SourceVersion "1"]
[SourceVersionDate "2004.02.03"]
[SourceQuality "1"]

1. e4 c5 2. Nf3 e6 3. d4 cxd4 4. Nxd4 Nc6 5. Nc3 d6 6. g4 a6 7. Be3 Nge7 8. f4
(8. Nb3 b5 (8... Ng6 $5) 9. Bg2 Ne5 $5 10. Qe2 Bb7 (10... Nc4 $5) 11. Nd2 g5 $5
12. Bxg5 Rg8 13. h4 (13. f4 Rxg5 14. fxg5 N7g6 15. h4 b4 16. Nd1 Rc8 $44) 13...
h6 14. Bf4 Nxg4 (14... N7g6 $5 15. Bg3 Qf6 $44) 15. O-O-O $44 {0-1 Nijboer,
F-Hall,J/Reykjavik 1998/CBM 64/[Gofshtein,L] (58)}) 8... b5 (8... Nxd4 9. Qxd4
(9. Bxd4 $5) 9... e5 $5 (9... Nc6 10. Qd2 b5 $6 11. O-O-O Qa5 12. Kb1 Be7 13.
g5 O-O 14. h4 $16 {Shirov,A-Polgar,J/Monaco (rapid) 1996/Inf 69/[Shirov,A] (14)
}) 10. fxe5 Nc6 11. Qd1 Nxe5 $132) (8... Bd7 $5) 9. Nf3 (9. Bg2 Nxd4 10. Qxd4
Nc6 11. Qb6 Qxb6 12. Bxb6 Rb8 13. Be3 g5 $5 14. fxg5 Ne5 $11 {/+/= 1/2-1/2
Shirov,A-Kramnik,V/Monte Carlo MNC 2003/The Week in Chess 436 (38)}) (9. Nb3
Bb7 10. Qe2 (10. Qf3 $2 g5 $1 11. fxg5 Ne5 12. Qg2 b4 13. Ne2 h5 $1 14. gxh5
Nf5 $1 15. Bf2 Qxg5 16. Na5 Ne3 $3 $17 {Shirov-Polgar.J-Buenos Aires 1994})
10... Na5 11. Nxa5 Qxa5 12. Bg2 b4 $5 13. Nd1 d5 $5 $132 {1-0 Lautier,J-Hall,J/
Harplinge 1998/CBM 67/[Gofshtein,L] (40)}) (9. g5 Bb7 10. Bg2 h6 $1 11. gxh6 (
11. h4 $6 hxg5 12. hxg5 Rxh1+ 13. Bxh1 Rc8 $132 {Shabalov-Smirin ,Los Angeles
1997}) 11... Ng6 (11... Rxh6 $5) 12. Nxc6 Bxc6 13. Qd4 $1 $14 {1-0 Shirov,
A-Polgar,J/Madrid 1997/Inf 69/[Shirov,A] (36)}) 9... Bb7 $5 (9... b4 10. Na4
Rb8 11. Qd2 Bd7 12. b3 h5 13. g5 d5 14. Bd3 dxe4 15. Bxe4 Rb5 16. c4 bxc3 17.
Nxc3 Rb8 $14 {1/2-1/2 Kasparov,G-Svidler,P/Cannes 2001/CBM 82 (48). (47)}) 10.
Qe2 Na5 11. Kd2 $2 {Was this move really played? Wurde dieser Zug wirklich
gespielt?} (11. Nd2 {ist naheliegender.}) (11. Kd2 $2 Rc8 12. a3 d5 $17)
1/2-1/2

[Event "EU-Cup 19th"]
[Site "Rethymno"]
[Date "2003.09.29"]
[Round "2.1"]
[White "McShane, Luke J"]
[Black "Grischuk, Alexander"]
[Result "1/2-1/2"]
[WhiteElo "2619"]
[BlackElo "2732"]
[Annotator "McShane,L"]
[PlyCount "30"]
[EventDate "2003.09.28"]
[EventType "team-swiss"]
[EventRounds "7"]
[EventCountry "GRE"]
[SourceTitle "CBM 098"]
[Source "ChessBase"]
[SourceDate "2004.02.03"]
[SourceVersion "1"]
[SourceVersionDate "2004.02.03"]
[SourceQuality "1"]
[WhiteTeam "Werder Bremen"]
[BlackTeam "Paris NAO"]
[WhiteTeamCountry "GER"]
[BlackTeamCountry "FRA"]

1. e4 c5 2. Nf3 d6 3. d4 cxd4 4. Nxd4 Nf6 5. f3 e6 6. c4 Nc6 7. Nc3 Be7 8. Be3
O-O 9. Be2 d5 10. cxd5 exd5 11. Nxc6 bxc6 12. exd5 Nxd5 13. Nxd5 cxd5 14. O-O
Bf6 15. Bd4 (15. Rb1 {may be playable, as allowing the P to advance to d4
shouldn't be disastrous. However,} d4 16. Bf2 Be6 {looks okay for Black. I may
well be obliged to create an important Q-side weakness, e.g.} 17. Qa4 $2 d3 $1
18. Rfd1 $6 (18. Bd1 $17) 18... Bd7 $1 $19) 15... Rb8 (15... Rb8 16. b3 (16.
Rf2 Rxb2 $5 (16... a5 $11) 17. Bxb2 Bxb2 18. Rb1 Qf6 {[%cal Yb2d4]} 19. Rf1 (
19. Kh1) 19... Be6 $44) (16. Qd2 Re8 17. Rf2 (17. Rfe1 Bxd4+ 18. Qxd4 Qa5 $1 {
[%csl Re1][%cal Ye8e1,Ya5e1]} 19. a3 $140 Rb3 $1)) 16... Re8 17. Rf2 (17. Re1
Bxd4+ 18. Qxd4 Qa5 $1 {[%csl Ra2,Re1][%cal Ye8e1,Ya5e1,Ya1c1]} 19. Qf2 {
Or Kf1/f2, but I don't believe White is really better.}) 17... a5 (17... Rb4 $6
18. Bxf6 Qxf6 19. Rc1 Rd4 $2 {[%csl Rd4]} (19... Be6 $14 {Shipov}) 20. Qc2 Bf5
$6 (20... Be6) 21. Qc5 Rd2 22. Bb5 Rxf2 23. Qxf2 Re7 24. Rd1 {[%csl Ra7,Rd5]
and White had what he wanted in Yandemirov-Lerner, RUS-Cup1 Chigorin mem 1996})
18. Rc1 Be6 {and Black shouldn't have too many worries. This is given as
unclear by Shipov, in his annotations to Yandemirov-Lerner, RUS-Cup1 Chigorin
mem 1996}) 1/2-1/2

[Event "EU-chT (Men) 14th"]
[Site "Plovdiv"]
[Date "2003.10.14"]
[Round "4.3"]
[White "Ivanisevic, Ivan"]
[Black "Grischuk, Alexander"]
[Result "0-1"]
[WhiteElo "2548"]
[BlackElo "2732"]
[Annotator "Huebner,R"]
[PlyCount "52"]
[EventDate "2003.10.10"]
[EventType "team-swiss"]
[EventRounds "9"]
[EventCountry "BUL"]
[SourceTitle "CBM 098"]
[Source "ChessBase"]
[SourceDate "2004.02.03"]
[SourceVersion "1"]
[SourceVersionDate "2004.02.03"]
[SourceQuality "1"]
[WhiteTeam "Serbia & Montenegro"]
[BlackTeam "Russia"]
[WhiteTeamCountry "YUG"]
[BlackTeamCountry "RUS"]

1. d4 {McShane} d5 2. c4 c6 3. Nc3 Nf6 4. Nf3 dxc4 5. a4 Bf5 6. Ne5 Nbd7 ({
The wild piece sacrifice with} 6... e6 {McShane} 7. f3 Bb4 8. e4 Bxe4 9. fxe4
Nxe4 10. Bd2 Qxd4 11. Nxe4 Qxe4+ 12. Qe2 Bxd2+ 13. Kxd2 Qd5+ {was the subject
of several theoretical duels a few years ago.}) 7. Nxc4 Qc7 8. g3 e5 9. dxe5
Nxe5 10. Bf4 Nfd7 11. Bg2 g5 12. Nxe5 gxf4 13. Nxd7 O-O-O 14. a5 $6 {Dies ist
ein neuer Versuch. Besonders überzeugend wirkt er nicht auf mich.} (14. Qd4 {
McShane} Qxd7 15. Qxf4 (15. Qxh8 $2 Qd2+ 16. Kf1 Qxb2 17. Re1 Bb4 18. Qf6 Qc2 {
and Black is about to start winning material back.}) 15... Bd6 {and practice
suggests that Black's strong bishop pair, control of the open file and White's
queenside weaknesses compensate for the pawn deficit.}) 14... Rxd7 15. Qa4 a6 {
McShane: 'Stopping White's a5-a6 break is very important.'} 16. O-O (16. Qxf4
Qxf4 17. gxf4 Bb4 {McShane: 'leaves White under pressure.' nebst Thd8 führt zu
großem Vorteil für Schwarz.}) 16... Bc5 17. Rac1 $2 (17. Qxf4 Qxf4 18. gxf4 Rg8
19. Kh1 {ist offenbar ungemütlich für Weiß, muß aber versucht werden.}) 17...
Rd4 {McShane: 'This keeps Black in the driving seat. The alternative'} ({
Die Fortsetzung} 17... fxg3 18. hxg3 Qxg3 19. Ne4 Bxe4 20. Qxe4 Qg5 21. b4 {
McShane: 'hands the initiative to White, who can consider sacrificing on c6.'}
Ba7 22. b5 Qxb5 23. Bh3 {gibt dem Weißen mehr Gegenchancen als nötig.}) 18. Qa2
Rhd8 {McShane: 'Black's advantage is obvious, but it is impressive how
forcefully Grischuk converts his advantage.'} 19. Ne4 Bxe4 20. Bh3+ $6 {
Den Läufer ungestört auf e4 zuzulassen sieht selbstmörderisch aus.} ({Aber
auch nach} 20. Rxc5 Bxg2 21. Kxg2 Qe7 {wird Weiß nicht lange überleben.}) 20...
Kb8 21. Rxc5 fxg3 22. hxg3 Rg8 $19 {McShane: 'Teeing up an obvious sacrifice
on g3, but the final blow comes on an adjacent square.'} 23. Kh2 Bd5 24. Qa3
Rh4 25. f4 {McShane: 'Preparing to meet Bd5-e6 with f4-f5, but weakening some
critical squares.'} Qe7 26. Re1 Rxh3+ (26... Rxh3+ 27. Kxh3 Qe6+ 28. Kh2 Qh6+
29. Kg1 Qh1+ 30. Kf2 Qg2+ 31. Ke3 Rxg3+) 0-1

[Event "EU-chT (Men) 14th"]
[Site "Plovdiv"]
[Date "2003.10.17"]
[Round "6.3"]
[White "Guseinov, Gadir"]
[Black "Grischuk, Alexander"]
[Result "1/2-1/2"]
[WhiteElo "2557"]
[BlackElo "2732"]
[Annotator "Gofshtein,L"]
[PlyCount "41"]
[EventDate "2003.10.10"]
[EventType "team-swiss"]
[EventRounds "9"]
[EventCountry "BUL"]
[SourceTitle "CBM 098"]
[Source "ChessBase"]
[SourceDate "2004.02.03"]
[SourceVersion "1"]
[SourceVersionDate "2004.02.03"]
[SourceQuality "1"]
[WhiteTeam "Azerbaijan"]
[BlackTeam "Russia"]
[WhiteTeamCountry "AZE"]
[BlackTeamCountry "RUS"]

1. e4 c5 2. Nf3 d6 3. d4 cxd4 4. Nxd4 Nf6 5. Nc3 a6 6. Bg5 e6 7. f4 Qb6 8. Qd2
Nc6 (8... Qxb2 {is another, more popular option}) 9. O-O-O (9. Nb3 {this way
white can escape the endgame, with an unclear game}) 9... Qxd4 10. Qxd4 Nxd4
11. Rxd4 h6 (11... Nd7 {is also quite possible, see the game Oll, Lembit -
Zhang Zhong 1997}) (11... Be7 {is another option for black}) 12. Bxf6 gxf6 13.
Na4 Bd7 14. Nb6 Rd8 15. Nc4 (15. Nxd7 {doesn't bring any advantage} Rxd7 16.
Rc4 ({or} 16. Be2 h5 17. f5 Bh6+ 18. Kb1 Bf4 19. Rd3 h4 20. Rh3 Rd8 {1/2-1/2
Gallardo Estrella,A-Moreno Carnero,J/Madrid ESP 2003/The Week in Chess 463 (20)
}) 16... h5 17. Rc8+ Rd8 18. Rc7 Rd7 19. Rc8+ Rd8 20. Rc7 Rd7 21. Rc8+ {
1/2-1/2 Kengis,E-Yermolinsky,A/Jurmala 1983/MCL (21)}) 15... Bc6 16. Na5 Kd7 (
16... Rc8 {is also possible} 17. Rb4 Kd7 {is ok for black} (17... d5 $6 18.
Nxc6 $1)) 17. Be2 Rg8 18. g3 Rc8 ({better is} 18... Kc7 19. Rhd1 Be7 {is fine
for black}) 19. Rhd1 Rc7 (19... Kc7 $142) 20. R1d2 (20. Nc4 $6 {is simply met
by} Bb5 {and if} 21. a4 Bxc4 22. Bxc4 $2 (22. Rxc4 {is equal}) {then} 22... e5
$1 23. Bxf7 Rg7 $19) 20... Be7 (20... b5 {deserves attention} 21. a4 Be7) 21.
Nc4 {[%mdl 4096] It seems to me that white has a clear plus after:} (21. Nc4 {
it's difficult for black to protect the pawn d6} Kc8 22. Bf3 f5 23. Bh5 $1 {
a very strong move attacking black's weaknesses} Rf8 (23... e5 24. Nxd6+ Bxd6
25. Rxd6 $16) 24. exf5 d5 25. Ne5 Bc5 26. R4d3 $16) 1/2-1/2